Normal view
MARC view
- Economic Factors of Agricultural innovations
Entry Topical Term
001 - CONTROL NUMBER
- control field: 5877
003 - CONTROL NUMBER IDENTIFIER
- control field: OSt
005 - DATE AND TIME OF LATEST TRANSACTION
- control field: 20240213145923.0
008 - FIXED-LENGTH DATA ELEMENTS
- fixed length control field: 240213|| aca||aabn | a|a d
040 ## - CATALOGING SOURCE
- Original cataloging agency: OSt
- Transcribing agency: OSt
150 ## - HEADING--TOPICAL TERM
- Topical term or geographic name as entry element: Economic Factors of Agricultural innovations
670 ## - SOURCE DATA FOUND
- Source citation: Work cat.: (OSt)11: Pramila , Kumar . 5874, Agricultural changes in urban fringe , 1980.
